000 01706cam a2200145 4500500
005 20260405085550.0
041 _afre
042 _adc
100 1 0 _aChaumier, Serge
_eauthor
700 1 0 _aMairesse, François
_eauthor
245 0 0 _aLa médiation culturelle
260 _bArmand Colin,
_c2023.
520 _aLa médiation est présente dans bien des domaines, mais le secteur culturel lui réserve une place particulière tant celle-ci est constitutive de son action. Associée à une volonté de démocratisation, la médiation culturelle repose sur le partage, avec le plus grand nombre, d’œuvres artistiques et de savoirs produits par les sciences. Le public se trouve de ce fait placé au cœur de tous les domaines culturels, du spectacle vivant et des musées, comme des bibliothèques et des archives, de la création contemporaine comme du champ patrimonial. Qu’il s’agisse de transmettre, de générer des relations, de favoriser le dialogue, ou de créer, l’efficacité de la communication avec les différents publics repose sur un ensemble de techniques qui varient selon les enjeux et découlent d’une histoire complexe. Cet ouvrage revient sur les fondamentaux, les impératifs, les champs disciplinaires que convoquent la médiation culturelle et les techniques nécessaires pour la mettre en œuvre. Il donne les clés pour déployer une action culturelle pertinente. Cette nouvelle édition est enrichie d’un tour d’horizon des pratiques. Sous forme d’encadrés, les initiatives de nombreux acteurs culturels et institutionnels sont présentées.
856 4 1 _uhttps://shs.cairn.info/la-mediation-culturelle--9782200634803?lang=fr&redirect-ssocas=7080
999 _c2198564
_d2198564